नयी कविता का मूल्यंकान परम्परा और प्रगति की भूमिका पर (Record no. 336033)

MARC details
000 -LEADER
fixed length control field 00990nam a2200265Ia 4500
003 - CONTROL NUMBER IDENTIFIER
control field OSt
005 - DATE AND TIME OF LATEST TRANSACTION
control field 20220923215909.0
008 - FIXED-LENGTH DATA ELEMENTS--GENERAL INFORMATION
fixed length control field 220922b |||||||| |||| 00| 0 hin d
037 ## - SOURCE OF ACQUISITION
Terms of availability Textual
040 ## - CATALOGING SOURCE
Original cataloging agency ARTS
Transcribing agency ARTS
Language of cataloging hin
041 ## - LANGUAGE CODE
Source of code hin
Language code of text/sound track or separate title hin
100 ## - MAIN ENTRY--PERSONAL NAME
Personal name शर्मा, हरिचरण
9 (RLIN) 156318
245 #0 - TITLE STATEMENT
Title नयी कविता का मूल्यंकान परम्परा और प्रगति की भूमिका पर
246 ## - VARYING FORM OF TITLE
Title proper/short title Nayī kavitā kā mūlyankān paramparā aur pragati kī bhūmikā para
250 ## - EDITION STATEMENT
Edition statement संस्क0 2
260 ## - PUBLICATION, DISTRIBUTION, ETC.
Place of publication, distribution, etc. नई दिल्ली
Name of publisher, distributor, etc. आशा प्रकाशन
Date of publication, distribution, etc. 1986
300 ## - PHYSICAL DESCRIPTION
Extent 488 पृ.
Dimensions cm.
650 ## - SUBJECT ADDED ENTRY--TOPICAL TERM
Topical term or geographic name entry element हिन्दी साहित्य
9 (RLIN) 156264
942 ## - ADDED ENTRY ELEMENTS (KOHA)
Classification part O152,1:gN, L2;M6
Koha item type Textual
Source of classification or shelving scheme Colon Classification (CC)
Holdings
Withdrawn status Lost status Damaged status Not for loan Home library Current library Date acquired Total Checkouts Full call number Barcode Date last seen Price effective from Koha item type
        Arts Library Arts Library 2022-09-23   O152,1:gN L2;M6 AL1059767 2022-09-23 2022-09-23 Textual
Copyright @ Delhi University Library System